000 00285nam a2200121Ia 4500
005 20251222144858.0
008 251222s9999||||xx |||||||||||||| ||spa||
082 _a428.246.58/P74
100 _aPohl, Alison
245 0 _aTest Your, Business English:
264 _bMadrid
942 _cLIB
999 _c21861
_d21861